|
|
|
|
| LEADER |
00000nab a2200000 a 4500 |
| 001 |
vtls011100271 |
| 003 |
SK-MaSNL |
| 005 |
20260303150011.0 |
| 008 |
230222|2012 xo |||||||||||||||||cze| |
| 015 |
|
|
|a SNBRB
|
| 035 |
|
|
|a (uuid)36cc6a0a-5614-410f-9527-07cffbda929f
|
| 035 |
|
|
|a (urnnbn)urn:nbn:sk:snk:ar-006xdf
|
| 035 |
|
|
|a urn:nbn:sk:snk-ab95n7
|
| 040 |
|
|
|a SNKBUCL
|b slo
|c SNKBUCL
|e AACR2
|
| 041 |
0 |
|
|a cze
|
| 044 |
|
|
|a xo
|c SK
|
| 100 |
1 |
|
|a Jelínek, Vladimír
|4 aut
|9 284986
|
| 245 |
1 |
0 |
|a DIFÚZNÍ TOK A KONDENZACE VODNÍ PÁRY V KONSTRUKCI STĚNY (ČÁST 2)
|c Vladimír Jelínek
|
| 773 |
0 |
|
|t TechCON magazín : odborný časopis pre projektantov TZB a užívateľov programu TechCON
|g Roč. 8, č. 1 (2012), s. 7-11
|
| 958 |
|
|
|a OND
|
| 958 |
|
|
|a EUIPO
|
| 958 |
|
|
|a article13
|
| 999 |
|
|
|c 2006751
|d 2008681
|